000 00764cam a2200217 4500
001 WB3708-22
008 000000n2001 000 0 eng u
035 _a(Sirsi) u111040
245 _aEurope forces Britain to reveal GM sites
260 _c2001
490 _aIndependent on Sunday
_v 18 February 2001, 9(1)
520 _aAll GM crops grown anywhere in Europe will have to be made public under a new EU law. The Ministry of Agriculture will be forced to reveal precisely where modified crops are being cultivated.
590 _aWB
650 _aGENETICALLY MODIFIED CROPS
650 _aEU DIRECTIVE
650 _aEUROPEAN PARLIAMENT
650 _aPUBLIC REGISTERS
650 _aFOOD SAFETY
690 _aRURAL-AGRICULTURE AND FORESTRY
942 _n0
999 _c66165
_d66165